ბათუმის შოთა რუსთაველის სახელმწიფო უნივერსიტეტის ბიბლიოთეკა

Автоматическая междугородная телефонная связь. (ბიბ.ჩანაწერი № 40371)

000 -LEADER
fixed length control field 00798nam a2200217Ia 4500
001 - CONTROL NUMBER
control field 6979
003 - CONTROL NUMBER IDENTIFIER
control field GE_BSU
008 - FIXED-LENGTH DATA ELEMENTS--GENERAL INFORMATION
fixed length control field 181216s||||||||xx |||||||||||||| ||und||
040 ## - CATALOGING SOURCE
Transcribing agency GE_BSU
080 ## - UNIVERSAL DECIMAL CLASSIFICATION NUMBER
Universal Decimal Classification number 621.395(075.8)
100 ## - MAIN ENTRY--PERSONAL NAME
Personal name Бакалейщик,Ф.Б. Зайончиковский,Е.А. Брунина,Ю.З. и др.
245 ## - TITLE STATEMENT
Title Автоматическая междугородная телефонная связь.
245 ## - TITLE STATEMENT
Remainder of title Учебн.
245 ## - TITLE STATEMENT
Statement of responsibility, etc. Под общей ред. Е.А.Зайончиковского.
260 ## - PUBLICATION, DISTRIBUTION, ETC.
Place of publication, distribution, etc. М.
260 ## - PUBLICATION, DISTRIBUTION, ETC.
Name of publisher, distributor, etc. Связь.
260 ## - PUBLICATION, DISTRIBUTION, ETC.
Date of publication, distribution, etc. 1969.
300 ## - PHYSICAL DESCRIPTION
Extent 297стр. с илл. 22см. библиогр.:стр.297-298.
653 ## - INDEX TERM--UNCONTROLLED
Uncontrolled term Автоматическая междугородная телефонная связь.
942 ## - ADDED ENTRY ELEMENTS (KOHA)
Koha item type წიგნი
ეგზემპლარები
Withdrawn status Lost status Damaged status Not for loan Date acquired Barcode Date last seen Price effective from Koha item type
        2018-12-17 11044 2018-12-17 2018-12-17 წიგნი